[Event "Baden-ch op U1200"]
[Site "Haslach im Kinzigtal"]
[Date "2010.06.02"]
[Round "3"]
[White "Reichardt, Julius"]
[Black "Von Hodenberg, Janine"]
[Result "0-1"]
[WhiteElo "641"]
[BlackElo "993"]
[PlyCount "52"]
[EventDate "2010.05.31"]
[EventType "swiss"]
[EventRounds "7"]
[EventCountry "GER"]
[SourceTitle "EXT 2011"]
[Source "ChessBase"]
[SourceDate "2010.11.26"]
[SourceVersion "1"]
[SourceVersionDate "2010.11.26"]
[SourceQuality "1"]

1. c4 e6 2. d3 d5 3. cxd5 exd5 4. g3 Bb4+ 5. Nc3 d4 6. Qa4+ Nc6 7. Bd2 a6 8. Ne4 b5 9. Qc2 Bb7 10. Bxb4 Nxb4 11. Qd1 Nf6 12. Nxf6+ Qxf6 13. f3 0-0 14. Bg2 Rfe8 15. a3 Nd5 16. b4 Re3 17. f4 Nc3 18. Qd2 Bxg2 19. Nf3 Bxh1 20. Ne5 Qe6 21. h4 Rxg3 22. h5 Rg1+ 23. Kf2 Rxa1 24. f5 Qxf5+ 25. Nf3 Rd1 26. e4 Qxf3# 0-1